Microstructure of Fe-Sn-B-type metallic glasses with addition of Co

Enregistré dans:
Détails bibliographiques
Auteur principal: Grey, Daniel George (Auteur)
Autres auteurs: Miglierini, Marcel (Directeur de thèse)
Format: Manuscrit Livre
Langue:slovaque
anglais
Publié: Bratislava : STU v Bratislave FEI, 2021
Sujets:
Accès en ligne:https://opac.crzp.sk/?fn=detailBiblioForm&sid=2DF2AC71C78DA39E9FFFB3873752&seo=CRZP-detail-kniha
Tags: Ajouter un tag
Pas de tags, Soyez le premier à ajouter un tag!

MARC

LEADER 00000ntm a22000003a 4500
001 stuzp81748
003 SK-STU
005 20211118132858.6
007 ta
008 150427s2015----xo-----f-mn---000-0-slo-d
040 |a STU  |b slo 
041 0 |a eng 
044 |a xo 
100 1 |a Grey, Daniel George  |u 036000  |4 aut  |U FEI Fakulta elektrotechniky a informatiky  |T FEI Ústav jadrového a fyzikálneho inžinierstva  |X 95588  |U E060  |Y 817  |7 95588 
242 0 1 |a Mikroštruktúra kovových skiel typu Fe-Sn-B s prídavkom Co  |y slo 
245 1 0 |a Microstructure of Fe-Sn-B-type metallic glasses with addition of Co 
260 |a Bratislava :  |b STU v Bratislave FEI,  |c 2021 
300 |a 55 s. 
650 4 |a FeSnB zliatina  |2 slo 
650 4 |a kovové sklo  |2 slo 
650 4 |a metalické sklo  |2 slo 
650 4 |a Fe  |2 slo 
650 4 |a Sn  |2 slo 
650 4 |a B  |2 slo 
650 4 |a Co  |2 slo 
650 4 |a nanokryštalické  |2 slo 
650 4 |a metóda rovinného liatia  |2 slo 
650 4 |a Mössbauerova spektrometria  |2 slo 
650 4 |a Mössbauerov efekt  |2 slo 
650 4 |a Mössbauer spectrometry  |2 eng 
650 4 |a Mössbauer effect  |2 eng 
650 4 |a FeSnB  |2 eng 
650 4 |a FeSnB alloy  |2 eng 
650 4 |a metallic glass  |2 eng 
650 4 |a Sn  |2 eng 
650 4 |a Co  |2 eng 
650 4 |a nanocrystalline  |2 eng 
650 4 |a planar-flow casting  |2 eng 
650 4 |a B  |2 eng 
650 4 |a Fe  |2 eng 
700 1 |a Miglierini, Marcel  |u 036000  |k Z1  |4 ths  |U FEI Fakulta elektrotechniky a informatiky  |T FEI Ústav jadrového a fyzikálneho inžinierstva  |X 1831  |U E060  |Y 817  |7 A000001831 
856 4 |u https://opac.crzp.sk/?fn=detailBiblioForm&sid=2DF2AC71C78DA39E9FFFB3873752&seo=CRZP-detail-kniha